Derecho internacional privado
Saved in:
| Hovedforfatter: | |
|---|---|
| Format: | Bog |
| Sprog: | spansk |
| Udgivet: |
Buenos Aires
Abeledo-Perrot
1994
|
| Udgivelse: | 1a. ed |
| Serier: | Reformas al Código Civil, 18
|
| Fag: | |
| Tags: |
Tilføj Tag
Ingen Tags, Vær først til at tagge denne postø!
|
MARC
| LEADER | 00000cam a2200000 a 4500 | ||
|---|---|---|---|
| 001 | UCD4047 | ||
| 003 | CL-VaPUC | ||
| 008 | 160623e19940104ag |||||||||||||||||spa|d | ||
| 020 | |a 9502007778 | ||
| 082 | 0 | 4 | |a 340.9 |b FEL |2 21 |
| 100 | |a Feldstein de Cárdenas, Sara L |e author |9 354500 | ||
| 245 | 1 | 0 | |a Derecho internacional privado |
| 250 | |a 1a. ed | ||
| 300 | |a 223 p | ||
| 942 | |c BK | ||
| 945 | |d 20160623 20:48:00 |a arojas | ||
| 260 | |a Buenos Aires |b Abeledo-Perrot |c 1994 | ||
| 650 | 0 | |a Derecho internacional privado |9 256361 | |
| 650 | 0 | |a Tratados internacionales |9 256056 | |
| 650 | 7 | |a CONFLICTOS INTERNACIONALES |2 CL-VaPUC |9 334143 | |
| 650 | 0 | |a Derechos humanos |9 223025 | |
| 583 | |a last modification |c 20160623 20:48:00 |k Rodrigo Vera | ||
| 490 | 0 | |a Reformas al Código Civil, 18 | |
| 999 | |c 365020 |d 365018 | ||
| 952 | |0 0 |1 0 |3 erd |4 0 |6 340_900000000000000_FEL_1994 |7 0 |8 A |9 478712 |a BIBDER |b BIBDER |i 5313554 |o 340.9 FEL 1994 |p 5313554 |r 2023-01-25 |w 2019-11-24 |y BK |z Catalogado en:20160623 |k DER | ||